Southville International School and Colleges
Your cart is empty.
  • Cart
  • Lists
    Public lists Eva Luna New books Lux_list list_1
    Your lists Log in to create your own lists
  • Log in to your account
  • Your cookies
  • Search history
Southville International School and Colleges
  • Advanced search
  • Recent comments
  • Most popular
  • Libraries

Log in to your account

Log in with GOOGLE


If you do not have an external account, but do have a local account, you can still log in:

  1. Home
  2. MARC view: Skateboarding /
Normal view MARC view ISBD view

Skateboarding / (Record no. 9905)

[ view plain ]
MARC details
000 -LEADER
fixed length control field 01151cam a22003134a 4500
001 - CONTROL NUMBER
control field 13436772
003 - CONTROL NUMBER IDENTIFIER
control field OSt
005 - DATE AND TIME OF LATEST TRANSACTION
control field 20140310182144.0
008 - FIXED-LENGTH DATA ELEMENTS--GENERAL INFORMATION
fixed length control field 031217s2005 mnua c b 001 0 eng
010 ## - LIBRARY OF CONGRESS CONTROL NUMBER
LC control number 2003026973
020 ## - INTERNATIONAL STANDARD BOOK NUMBER
International Standard Book Number 9780736827126
040 ## - CATALOGING SOURCE
Original cataloging agency DLC
Transcribing agency DLC
Modifying agency DLC
042 ## - AUTHENTICATION CODE
Authentication code pcc
-- lcac
050 00 - LIBRARY OF CONGRESS CALL NUMBER
Classification number GV 859.8
Item number .P74 2005
082 00 - DEWEY DECIMAL CLASSIFICATION NUMBER
Classification number HS 796.22
Item number P92 2005
100 1# - MAIN ENTRY--PERSONAL NAME
Personal name Preszler, Eric.
9 (RLIN) 15464
245 10 - TITLE STATEMENT
Title Skateboarding /
Statement of responsibility, etc by Eric Preszler.
260 ## - PUBLICATION, DISTRIBUTION, ETC. (IMPRINT)
Place of publication, distribution, etc Mankato, Minn. :
Name of publisher, distributor, etc Capstone Press,
Date of publication, distribution, etc c2005.
300 ## - PHYSICAL DESCRIPTION
Extent 32 p. :
Other physical details ill. (some col.) ;
Dimensions 24 cm.
440 #0 - SERIES STATEMENT/ADDED ENTRY--TITLE
Title X-Sports Skateboarding
9 (RLIN) 15465
562 ## - COPY AND VERSION IDENTIFICATION NOTE
Number of copies For circulation. One copy available in the collection.
650 #0 - SUBJECT ADDED ENTRY--TOPICAL TERM
Topical term or geographic name as entry element Skateboarding
Form subdivision Juvenile literature.
9 (RLIN) 15466
650 #1 - SUBJECT ADDED ENTRY--TOPICAL TERM
Topical term or geographic name as entry element Skateboarding.
9 (RLIN) 15467
856 41 - ELECTRONIC LOCATION AND ACCESS
Materials specified Table of contents
Uniform Resource Identifier <a href="http://www.loc.gov/catdir/toc/ecip0414/2003026973.html">http://www.loc.gov/catdir/toc/ecip0414/2003026973.html</a>
906 ## - LOCAL DATA ELEMENT F, LDF (RLIN)
a 7
b cbc
c orignew
d 1
e ecip
f 20
g y-gencatlg
942 ## - ADDED ENTRY ELEMENTS (KOHA)
Source of classification or shelving scheme Library of Congress Classification
Holdings
Withdrawn status Lost status Source of classification or shelving scheme Damaged status Home library Current library Shelving location Date acquired Total Checkouts Full call number Barcode Date last seen Copy number Price effective from Koha item type
    Library of Congress Classification   Luxembourg Library Luxembourg Library High School Section 08/29/2013   GV 859.8 .P74 2005 17251 08/29/2013 1 08/29/2013 Books

Skateboarding /

APA

Preszler E., . (2005). Skateboarding. Mankato, Minn: Capstone Press.

Chicago

Preszler Eric, . 2005. Skateboarding. Mankato, Minn: Capstone Press.

Harvard

Preszler E., . (2005). Skateboarding. Mankato, Minn: Capstone Press.

MLA

Preszler Eric, . Skateboarding. Mankato, Minn: Capstone Press. 2005.

  • Place hold
  • Print
  • Cite
  • Add to your cart (remove)
  • Save record
    BIBTEX Dublin Core MARCXML MARC (non-Unicode/MARC-8) MARC (Unicode/UTF-8) MARC (Unicode/UTF-8, Standard) MODS (XML) RIS
  • More searches
    Search for this title in:
    Other Libraries (WorldCat) Other Databases (Google Scholar) Online Stores (Bookfinder.com) Open Library (openlibrary.org)

Exporting to Dublin Core...

SOUTHVILLE LIBRARY

Southville International School and Colleges Library

1281 Tropical Ave. Cor. Luxembourg St., BF Homes International, Las Pinas City

Tel. No. 8256374 / 252358 Loc. 117/146

Powered by Koha